000 00391nam a2200145Ia 4500
008 230917s9999||||xx |||||||||||||| ||und||
040 _e75379
_aMAIN
041 _aEnglish
082 _a658.51 C589S
100 _aCleland, David I
245 0 _aStrategic technology management: Systems for products and precesses
260 _aNew York
_bAMACOM
_c1992
300 _aix, 198 p.
942 _cBK
999 _c89808
_d89808